Studien über die naturwissenschaftlichen Kenntnisse der Talmudisten / (Record no. 151924)
[ view plain ]
| 000 -LEADER | |
|---|---|
| campo de control de longitud fija | 00798nam a2200193 i 4500 |
| 001 - NÚMERO DE CONTROL | |
| campo de control | 151924 |
| 003 - IDENTIFICADOR DE NÚMERO DE CONTROL | |
| campo de control | ES-MaACL |
| 005 - FECHA Y HORA DE LA ÚLTIMA TRANSACCIÓN | |
| campo de control | 20250814031825.0 |
| 008 - DATOS DE LONGITUD FIJA--INFORMACIÓN GENERAL | |
| campo de control de longitud fija | 051006s1880 gw | |||||||| ||ger d |
| 040 ## - FUENTE DE CATALOGACIÓN | |
| Centro catalogador/agencia de origen | CAM |
| Lengua de catalogación | spa |
| Centro/agencia transcriptor | CAM |
| 100 1# - ENTRADA PRINCIPAL--NOMBRE DE PERSONA | |
| Nombre de persona | Bergel, Joseph. |
| 9 (RLIN) | 27947 |
| 245 10 - MENCIÓN DEL TÍTULO | |
| Título | Studien über die naturwissenschaftlichen Kenntnisse der Talmudisten / |
| Mención de responsabilidad, etc. | von Joseph Bergel. |
| 260 ## - PUBLICACIÓN, DISTRIBUCIÓN, ETC. | |
| Lugar de publicación, distribución, etc. | Leipzig : |
| Nombre del editor, distribuidor, etc. | verlag von Wilhelm Friedrich, |
| Fecha de publicación, distribución, etc. | 1880 ( |
| Fabricante | Hüthel & Hermann) |
| 300 ## - DESCRIPCIÓN FÍSICA | |
| Extensión | 102 p. ; |
| Dimensiones | 24 cm. |
| 650 #4 - PUNTO DE ACCESO ADICIONAL DE MATERIA--TÉRMINO DE MATERIA | |
| Término de materia o nombre geográfico como elemento de entrada | Talmud- |
| Subdivisión general | Crítica e interpretación. |
| 9 (RLIN) | 136898 |
| 650 #7 - PUNTO DE ACCESO ADICIONAL DE MATERIA--TÉRMINO DE MATERIA | |
| Término de materia o nombre geográfico como elemento de entrada | Ciencias naturales |
| Fuente del encabezamiento o término | embne |
| 9 (RLIN) | 10984 |
| 852 ## - LOCALIZACIÓN | |
| Ubicación | ES-MaACL |
| Número de control de estantería | T-682-F-6 |
| Nota libre | -- Enc. hol. conservando la cub. original |
| -- | -- Dedic. ms. de Cayo Ortega a la biblioteca del Ateneo |
| -- | -- Enc. en un vol. facticio |
| Estatus retirado | Estado de pérdida | Estado de daño | No para préstamo | Colección | Biblioteca de origen | Biblioteca actual | Ubicación en estantería | Fecha de adquisición | Total de préstamos | Signatura topográfica completa | Código de barras | Visto por última vez | Precio de reemplazo | Tipo de ítem Koha |
|---|---|---|---|---|---|---|---|---|---|---|---|---|---|---|
| Colección de folletos | Biblioteca del Ateneo de Madrid | Biblioteca del Ateneo de Madrid | Depósito folletos | 17/01/2008 | T-682-F-6 | 1158575 | 23/02/2023 | 23/02/2023 | Folleto |
